Score 0/56 Timer 08:00
6 Plays Today
Category Answer % Correct
Olympic Host Cities*London...
92.1%
Orchestra InstrumentsFlute...
88.2%
Bible Books#John...
84%
Bible Books#Matthew...
84%
Countries of OceaniaAustralia
82.4%
Harry Potter Surnames##Potter...
81.9%
Countries of OceaniaMicronesia...
81.2%
Olympic Host Cities*Antwerp...
79.3%
Orchestra InstrumentsViolin...
79.2%
Orchestra InstrumentsHarp...
79%
Big 4 Sports TeamsCubs...
77.2%
Harry Potter Surnames##Black...
75.8%
UK Prime Ministers**Blair...
75.8%
Big 4 Sports TeamsAngels...
74.9%
Big 4 Sports TeamsCowboys...
74.2%
Harry Potter Surnames##Weasley...
73.1%
Orchestra InstrumentsTrumpet...
72.1%
Orchestra InstrumentsClarinet...
71.9%
Olympic Host Cities*Paris...
71.7%
Big 4 Sports TeamsBears...
70.8%
'A' World CapitalsAthens...
70%
Bible Books#Exodus...
69.6%
Big 4 Sports TeamsSteelers...
69.4%
Olympic Host Cities*Barcelona...
68.5%
UK Prime Ministers**Thatcher...
67.8%
Countries of OceaniaFiji
63.6%
UK Prime Ministers**Churchill...
63.2%
Olympic Host Cities*Rome...
63.1%
Category Answer % Correct
Olympic Host Cities*Los Angeles...
60.9%
Harry Potter Surnames##Dumbledore...
59.9%
Countries of OceaniaNauru...
55.9%
Bible Books#Leviticus...
50.2%
Bible Books#James...
47.4%
Big 4 Sports TeamsAthletics...
47%
Orchestra InstrumentsXylophone...
42.2%
Big 4 Sports TeamsBlackhawks...
38.1%
UK Prime Ministers**Cameron...
37.9%
Countries of OceaniaVanuatu
37.9%
Bible Books#Colossians...
37.4%
Countries of OceaniaTuvalu
37.3%
'A' World CapitalsAmsterdam
37.1%
Orchestra InstrumentsDouble Bass...
35.5%
Harry Potter Surnames##Lovegood...
34%
Olympic Host Cities*Montreal...
32.5%
Countries of OceaniaKiribati
31.2%
Harry Potter Surnames##Lestrange...
25.2%
'A' World CapitalsAccra...
25%
Bible Books#Jeremiah...
22.7%
'A' World CapitalsAddis Ababa
20.2%
Harry Potter Surnames##Krum...
19.8%
'A' World CapitalsAbu Dhabi...
19%
UK Prime Ministers**Peel...
17.2%
'A' World CapitalsAlgiers
15.5%
UK Prime Ministers**Attlee...
14.5%
'A' World CapitalsApia
14.3%
UK Prime Ministers**Wellington...
4.3%

You're not logged in!

Compare scores with friends on all Sporcle quizzes.
OR
Log In

Sporcle TV

Today on Sporcle TV


Watch our educational content, quiz creation guides, and fun videos on Sporcle TV.

Show Comments

Extras

Top Quizzes Today


Score Distribution

Paid Content

Your Account Isn't Verified!

In order to create a playlist on Sporcle, you need to verify the email address you used during registration. Go to your Sporcle Settings to finish the process.

Report this User

Report this user for behavior that violates our Community Guidelines.

Details: